ბათუმის შოთა რუსთაველის სახელმწიფო უნივერსიტეტის ბიბლიოთეკა

Толковый словарь: Организация экономического сотрудиничества и развития; Экономика предприяნия: конкурененое право и политика поощрения конкуренции; Англо-Русский (ბიბ.ჩანაწერი № 37182)

000 -LEADER
fixed length control field 00861nam a2200217Ia 4500
001 - CONTROL NUMBER
control field 3138
003 - CONTROL NUMBER IDENTIFIER
control field GE_BSU
008 - FIXED-LENGTH DATA ELEMENTS--GENERAL INFORMATION
fixed length control field 181216s||||||||xx |||||||||||||| ||und||
020 ## - INTERNATIONAL STANDARD BOOK NUMBER
International Standard Book Number 5777700136
040 ## - CATALOGING SOURCE
Transcribing agency GE_BSU
080 ## - UNIVERSAL DECIMAL CLASSIFICATION NUMBER
Universal Decimal Classification number 338.45(038)
245 ## - TITLE STATEMENT
Title Толковый словарь: Организация экономического сотрудиничества и развития; Экономика предприяნия: конкурененое право и политика поощрения конкуренции; Англо-Русский
245 ## - TITLE STATEMENT
Statement of responsibility, etc. ПОд. общуй ред. А.М. Волкова., ред. Д.М. Носов
260 ## - PUBLICATION, DISTRIBUTION, ETC.
Place of publication, distribution, etc. Москва
260 ## - PUBLICATION, DISTRIBUTION, ETC.
Name of publisher, distributor, etc. ВЕС МИР
260 ## - PUBLICATION, DISTRIBUTION, ETC.
Date of publication, distribution, etc. 1997
300 ## - PHYSICAL DESCRIPTION
Extent 112 ст. 20 см.
653 ## - INDEX TERM--UNCONTROLLED
Uncontrolled term олковый словарь:
942 ## - ADDED ENTRY ELEMENTS (KOHA)
Koha item type წიგნი
ეგზემპლარები
Withdrawn status Lost status Damaged status Not for loan Date acquired Barcode Date last seen Price effective from Koha item type Public note
        2018-12-17 7847 2018-12-17 2018-12-17 წიგნი დარბაზი
        2018-12-17 7848 2018-12-17 2018-12-17 წიგნი დარბაზი